| 000 | 00678cab a2200229 4500 | ||
|---|---|---|---|
| 001 | X2657 | ||
| 008 | 090401t1991 xxu||||| |||| 00| 0 eng d | ||
| 035 | _a(Sirsi) u25622 | ||
| 041 | _aeng | ||
| 100 | _aBurchi, S. | ||
| 245 | _aCurrent developments and trends in the law and administration of water resources - a comparative state-of-the-art appraisal | ||
| 260 | _c1991 | ||
| 350 | _a0 | ||
| 490 |
_aJournal of Environmental Law _v3(1) 1991, 69-91(23) |
||
| 650 | _aPOLLUTION | ||
| 650 | _aWATER RESOURCE PLANNING | ||
| 650 | _aPROPERTY-RURAL AND NATURAL ASSETS-WATER RESOURCES | ||
| 650 | _aWATER RIGHTS | ||
| 690 | _aWATER | ||
| 942 | _n0 | ||
| 948 | _c04/03/1997 | ||
| 999 |
_c17213 _d17213 |
||